Sports Quiz

Random Sports or MLB Quiz

Symbol Cryptogram: MLB Teams Quiz Stats

 Plays Quiz Updated May 26, 2019

Support Sporcle.
Go Orange.
Score 0/10 Timer 10:00
0 Plays Today
Cryptogram MLB team % Correct
▶ ☲ ☽ ☷ ☽ ☲ ✖???
100%
☲ ☽ ◑     ✖ ☆ ◥???
81.1%
☷ ◼ ◯ ◁ ☽     ✖ ☆ ◥???
77.9%
▶ ☲ ▷ ◣ ☽ ✖???
76.5%
☲ ☽ ◑ ✖???
73.7%
▷ ✖ ◁ ☲ ☆ ✖???
69.1%
◐ ◼ ◯ ✚ ✚ ◯ ☽ ✖???
68.5%
◒ ☽ ◁ ✖???
65.1%
◒ ▷ ☲ ◯ ☵ ☽ ☲ ✖???
62.3%
◐ ◯ ☲ ▷ ◁ ☽ ✖???
59.4%

You're not logged in!

Compare scores with friends on all Sporcle quizzes.
OR
Log In

From the Vault

Take Five IV

by El_Dandy

We're not sure where you need to take them, though.
Remove Ads.
Support Sporcle.
Get the best of Sporcle when you Go Orange. This ad-free experience offers more features, more stats, and more fun while also helping to support Sporcle. Thank you for becoming a member.

Show Comments

Extras

Top Quizzes Today


Score Distribution

Your Account Isn't Verified!

In order to create a playlist on Sporcle, you need to verify the email address you used during registration. Go to your Sporcle Settings to finish the process.

Report this User

Report this user for behavior that violates our Community Guidelines.

Details: